00435nam a22001577a 450000500170000001000130001702000230003003500130005303700290006608200080009510000270010324500650013026000460019530000200024170000160026120190524162236.0 aB-106875 a0195674456c120.00 aB-106875 bOxford University Press. a882 aPartgasarathy, Indira. aThe legend of nandan /cIndira ParthasarathybNandan Kathai aNew DelhibOxford University Press.c2003 a82pc21cm (hbk) aIndra, C.T.